Curso superior de instrumental electrónico

Na minha lista:
Detalhes bibliográficos
Autor principal: Prensky, Sol D.
Formato: Livro
Idioma:Spanish
Publicado em: Buenos Aires, Argentina : GLEM, 1974.
Assuntos:
Tags: Adicionar Tag
Sem tags, seja o primeiro a adicionar uma tag!

MARC

LEADER 00000nam a2200000Ia 4500
003 L000671
005 20221231144003.0
008 140114s1974 ar a 000 ||spa d
040 |c cru CEDI 
082 |a 621.381 P926c 
100 |a Prensky, Sol D.  |9 19319 
245 |a Curso superior de instrumental electrónico 
260 |a Buenos Aires, Argentina : GLEM,   |c 1974. 
300 |a 229 páginas : ilustraciones ; 23 cm 
500 |a Traduccion de: Advanced electronic instruments and their use. 
650 |x ELECTRONICA - APARATOS E INSTRUMENTOS   |x ELECTRONICA - MEDICION  |9 19320 
942 |2 ddc  |c BK 
999 |c 15210  |d 15210